[Event "Medellin U2000 op"]
[Site "Medellin"]
[Date "2022.05.20"]
[Round "3"]
[White "Perez Tangarife, Simon"]
[Black "Alvarado Torres, Carlos Andres"]
[Result "1/2-1/2"]
[WhiteElo "1331"]
[BlackElo "1760"]
[PlyCount "64"]
[EventDate "2022.05.18"]
[EventType "swiss"]
[EventRounds "7"]
[EventCountry "COL"]
[SourceTitle "CBM 208 Extra"]
[Source "ChessBase"]
[SourceDate "2022.07.31"]
[SourceVersion "1"]
[SourceVersionDate "2022.07.31"]
[SourceQuality "1"]

1. c4 c5 2. g3 g6 3. Bg2 Bg7 4. e3 Nc6 5. Ne2 e6 6. Nbc3 d6 7. d4 cxd4 8. exd4 Nf6 9. d5 exd5 10. Nxd5 0-0 11. Bg5 Qa5+ 12. b4 Nxb4 13. Nxf6+ Bxf6 14. Bxf6 Nd5+ 15. Bc3 Nxc3 16. Qd2 Re8 17. Bf3 Qe5 18. 0-0 Nxe2+ 19. Kh1 Bh3 20. Rfe1 Rac8 21. Bxe2 Qc5 22. Bf3 Rxe1+ 23. Rxe1 Qxc4 24. Bxb7 Rf8 25. Bd5 Qc5 26. Rc1 Qb6 27. Qf4 Bf5 28. Rc6 Qb1+ 29. Kg2 Qd1 30. Rxd6 Qh5 31. h4 Qg4 32. Qh6 Be4+ 1/2-1/2